| 000 | 03348cam a22003738i 4500 | ||
|---|---|---|---|
| 001 | 20612658 | ||
| 005 | 20220721114313.0 | ||
| 008 | 180803s2018 enk 000 0 eng | ||
| 010 | _a 2018037321 | ||
| 020 | _a9781108820684 | ||
| 040 |
_aDLC _beng _erda _cDLC |
||
| 042 | _apcc | ||
| 043 | _aa-ja--- | ||
| 050 | 0 | 0 |
_aKZ1181 _b.C64 2018 |
| 082 | 0 | 0 |
_a341.690268 _bCOH |
| 084 |
_aHIS037070 _2bisacsh |
||
| 100 | 1 |
_aCohen, David _q(David J.), _eauthor. _994325 |
|
| 245 | 1 | 4 |
_aThe Tokyo War Crimes Tribunal : _blaw, history, and jurisprudence / _cDavid Cohen, Stanford University; Yuma Totani, University of Hawaii. |
| 263 | _a1811 | ||
| 264 | 1 |
_aCambridge, United Kingdom ; _aNew York, NY, USA : _bCambridge University Press, _c2018. |
|
| 300 |
_a543 p. ; _c23 cm. |
||
| 336 |
_atext _btxt _2rdacontent |
||
| 337 |
_aunmediated _bn _2rdamedia |
||
| 338 |
_avolume _bnc _2rdacarrier |
||
| 505 | 8 | _aMachine generated contents note: Introduction; Part I. The Allied War Crimes Policy, the Indictment, and Court Proceedings: 1. The framework of the trial; 2. Charges of crimes against peace; 3. The Japanese system of government; 4. Individual roles in the making of the war and the overall conspiracy; 5. Counts on murder, conventional war crimes, and crimes against humanity; 6. Accountability of war crimes; Part II. Law and Jurisprudence of the Judgments and Separate Opinions: 7. The majority judgment: crimes against peace; 8. An alternative perspective on accountability for crimes against peace: the two Webb judgments; 9. The majority judgment on war crimes; 10. An alternative Tokyo judgment: the draft Webb judgment on war crimes; 11. The dissenting opinions by Justices Bernard and Roeling; 12. Pal's 'judgment', or dissenting opinion, on crimes against peace; 13. Pal's treatment of war crimes charges; 14. The concurring opinions of Justices Webb and Jaranilla; Conclusion. | |
| 520 |
_a"The Tokyo War Crimes Tribunal: Like its Nuremberg counterpart, the Tokyo Trial was foundational in the field of international law. However, up to now, the persistent notion of "victor's justice" in the existing historical literature has made it difficult to treat it as such. David Cohen and Yuma Totani seek to redress this by cutting through persistent orthodoxies and ideologies that have plagued the trial. Instead they present it simply as a judicial process, and in so doing reveal its enduring importance for international jurisprudence. A wide range of primary sources are considered, including court transcripts, court exhibits, the majority judgment, and five separate concurring and dissenting opinions. The authors also provide comparative analysis of the Allied trials at Nuremberg, resulting in a comprehensive and empirically grounded study of the trial. The Tokyo Tribunal was a watershed moment in the history of the Asia-Pacific region. This ground-breaking study reveals it is of continuing relevance today"-- _cProvided by publisher. |
||
| 650 | 0 |
_aTokyo Trial, Tokyo, Japan, 1946-1948. _994326 |
|
| 650 | 0 |
_aWar crimes trials _zJapan _zTokyo _xHistory _y20th century. _994327 |
|
| 650 | 7 |
_aHISTORY / Modern / 20th Century. _2bisacsh _958953 |
|
| 700 | 1 |
_aTotani, Yuma, _d1972- _eauthor. _994328 |
|
| 906 |
_a7 _bcbc _corignew _d1 _eecip _f20 _gy-gencatlg |
||
| 942 |
_2ddc _cBK |
||
| 999 |
_c590460 _d590460 |
||